Учителят в помощ на интегрираните деца с увреден слух (Запис номер 30842)
[ съкратено ]
| 000 -Лидер | |
|---|---|
| Лидер | 01807nam a2200301 a 4500 |
| 003 - Код на организацията, давaща контролен номер | |
| Код на организацията, даваща контролен номер | BLK |
| 005 - Дата и час на последна редакция | |
| Дата и час на последна редакция | 20240102101007.0 |
| 008 - Елементи от данни с фиксирана дължина | |
| Елементи с фиксирана дължина | 180407b bul|||||r ||||||| ||bul|| |
| 040 ## - Източник на каталожния запис | |
| Код на библиотеката | BLK |
| 041 ## - Код за език | |
| Език | Български |
| Език за КДБФ | Български |
| 080 ## - УДК | |
| УДК текст | Възпитание на деца с увредени сетива и нервна система (слепи, глухонеми, епилептици). Логопедия |
| УДК код | 376.3 |
| УДК – определител | .018.2 |
| УДК – код + определител | 376.3.018.2 |
| 100 ## - Редна дума - Автор | |
| R(LIN) | 248523 |
| Автор | Балтаджиева, Ангелина Йорданова |
| 245 10 - Сведения за заглавието | |
| Заглавие | Учителят в помощ на интегрираните деца с увреден слух |
| Подзаглавни данни | Ист. преглед, съвр. тенденции, устна реч, позицията на специалиста, позицията на учениците с увреден слух |
| Авторска отговорност | А. Балтаджиева и др. ; под ред. на А. Балтаджиева |
| 257 ## - Страна на издаване | |
| Страна на създаване/издаване | България |
| 260 ## - Област на издателските данни | |
| Място на издаване | София |
| Име на издателя | Съюз на глухите в България |
| Година на издаване | 2000 |
| Печатница | София : Образование и наука |
| 300 ## - Физическа характеристика | |
| Брой страници | 128 с. |
| Размер | 24 см |
| 380 ## - Жанр | |
| Жанр | Обществени науки |
| 500 ## - Общи забележки | |
| Обща забележка | Други авт. : В. Кацарска, М. Стамболиева, Т. Драганова, отбелязани на с. 3<br/>Офс. изд. |
| 650 #0 - Допълнително описание по предмет – тема | |
| 9 (RLIN) | 253910 |
| Предметна рубрика | Глухи - възпитание и обучение |
| 650 #0 - Допълнително описание по предмет – тема | |
| 9 (RLIN) | 284922 |
| Предметна рубрика | Глухота - у децата |
| 650 #0 - Допълнително описание по предмет – тема | |
| 9 (RLIN) | 265269 |
| Предметна рубрика | Деца - с дефектологична недостатъчност - възпитание и обучение |
| 852 ## - Местоположение | |
| Сигнатура (форматна) | Цб 205651 |
| Отдел | Хранилище |
| 856 4# - Електронен адрес и достъп | |
| Електронен формат | pdf - файл |
| 856 4# - Електронен адрес и достъп | |
| Електронен формат | pdf - файл |
| 942 ## - АРТИКУЛИ | |
| Вид на библиотечния документ | Книги |
| Скрит в OPAC | Не |
| 944 ## - СЪЗДАВАНЕ И РЕДАКЦИЯ на ЗАПИСА | |
| Създаване/Редакция | Създаване |
| Дата на регистрацията/редакция | 2023 |
| Служител, извършил регистрацията/редакцията | 30550 |
| Номер на служител | Кети Илиева |
| 999 ## - СИСТЕМНИ КОНТРОЛНИ НОМЕРА | |
| Koha biblionumber | 30842 |
| Koha biblioitemnumber | 30842 |
| Код за отписване | Код за изгубен артикул | Източник на класификационната схема | Код за повреда | Коз за рестрикции | Код за отдаване | Артикулен № | Име на библиотеката - собственик | Име на библиотеката, в която се намира в момента | Статус (Текущо местоположение) | Дата на вписване в системата | Местоположение - отдел | Цена в лева | Инвентарен номер | Систематично азбучна сигнатура | Баркод | Номер на екземпляра | Цена в евро | Служебна бележка | Служебен тип на артикула |
|---|---|---|---|---|---|---|---|---|---|---|---|---|---|---|---|---|---|---|---|
| Не е изгубен | Universal Decimal Classification | Не е повреден | без рестрикции | ползва се в читалня | 49355 | Регионална библиотека "Любен Каравелов" Русе | Регионална библиотека "Любен Каравелов" Русе | Хранилище | 2001-01-01 | Хранилище | 0.00 | 659265 | Цб 205651 | 120000659265 | 1 | 0.00 | Дата: 01.01.2000 | Книги | |
| Не е изгубен | Universal Decimal Classification | Не е повреден | заемане за дома | 938272 | Регионална библиотека "Любен Каравелов" Русе | Регионална библиотека "Любен Каравелов" Русе | Заемна - подръчен фонд | 2024-01-03 | Заемна - подръчен фонд | 5.00 | 120000897251 | 376/У 94 | 120000897251 | 2.56 | Книги |